000
00317nam a2200121 a 4500
001
000002415
005
20200929150207.0
008
090702s1997 000 spa d
020
_a
8489384134
245
3
_a
La ciudad de los niƱos : un modo nuevo de pensar la ciudad.
260
_a
Madrid,
_c
1997.
999
_c
2251
_d
2251
040
_a
DO-SdBNP